000
00279nam a22001097a 4500
999
_c
263245
_d
263244
020
_a
0688063632
100
_a
Baker, Jeannie.
245
_a
Where the forest meets the sea
260
_a
New York :
_b
Greenwillow Books,
_c
1987.
300
_a
[32] p.
_b
col. ill. ;
942
_c
BK